000 00715nam a22002057a 4500
003 BD-DhJNU
005 20250317041235.0
008 250317b |||||||| |||| 00| 0 eng d
040 _aBD-DhJNU
_bENG
_cBD-DhJNU
_dBD-DhJNU
082 _223
_a204 INT
245 _aInter-religious dialogue :
_bchance for peace /
_cedited by Dr. Niru Kumar Chakma and Dr. A. K. M. Salahuddin
260 _aDhaka :
_bGoethe-Institut,
_c2004.
300 _a204p. :
_bill. ;
_c23 cm.
504 _aIncludes bibliographical references
650 _aReligions Relations Congresses
650 _aReligious pluralism Congresses
700 _aChakma, Niru Kumar
_eeditor
700 _aSalahuddin, A.K.M.
_eeditor
942 _2ddc
_cBK
_n0
999 _c1489
_d1489